00483nam a2200193Ia 4500008004100000020001800041050001400059100002100073245001400094245005900108245002100167260001500188260001600203260000900219300001600228300002700244300001000271500000800281170918s9999 xx 000 0 und d a9780545447386 bM927 2011 aMoulton, Erin E. aFlutter : bthe story of four sisters and one incredible journey / cErin E. Moulton. aNew York : bScholastic, c2011 a200 pages : bcolored illustration ; c19cm. a720